|
|
|
|
| LEADER |
01441nam a2200325 a 4500 |
| 001 |
0017768 |
| 003 |
BD-DhAAL |
| 008 |
090709s2008 enk b 001 0 eng d |
| 010 |
|
|
|a 2008011107
|
| 020 |
|
|
|a 9780230524781 (alk. paper)
|
| 020 |
|
|
|a 0230524788 (alk. paper)
|
| 040 |
|
|
|a DLC
|c DLC
|d DLC
|d BD-DhAAL
|
| 082 |
0 |
0 |
|a 809.93353
|2 22
|
| 100 |
1 |
|
|a De Lauretis, Teresa.
|9 58260
|
| 245 |
1 |
0 |
|a Freud's drive :
|b psychoanalysis, literature and film /
|c Teresa de Lauretis.
|
| 260 |
|
|
|a Houndmills, Basingstoke, Hampshire ;
|a New York :
|b Palgrave Macmillan,
|c 2008.
|
| 300 |
|
|
|a x, 190 p. ;
|c 23 cm
|
| 490 |
1 |
|
|a Language, discourse, society
|
| 504 |
|
|
|a Includes bibliographical references (pages 153-182) and index.
|
| 526 |
|
|
|a ENH
|x Sohana Manzoor
Faculty Member of BRAC University
|
| 541 |
1 |
|
|e 00017768
|a Karim International
|
| 600 |
1 |
0 |
|a Freud, Sigmund,
|d 1856-1939.
|
| 650 |
|
0 |
|a Motion pictures
|x Psychological aspects.
|9 58261
|
| 650 |
|
0 |
|a Psychoanalysis and motion pictures.
|9 58262
|
| 650 |
|
0 |
|a Sex in motion pictures.
|9 58263
|
| 650 |
|
0 |
|a Literature
|x Psychology.
|9 58264
|
| 852 |
4 |
|
|a Ayesha Abed Library
|j General Stacks
|
| 942 |
|
|
|2 ddc
|c BK
|
| 999 |
|
|
|c 2240
|d 2240
|
| 952 |
|
|
|0 0
|1 0
|2 ddc
|4 0
|6 809_933530000000000_DE
|7 0
|9 2066
|a BRACUL
|b BRACUL
|c GEN
|d 2009-07-09
|e Karim International
|g 4680.00
|l 4
|m 10
|o 809.93353 DE
|p 3010017768
|r 2026-03-01
|s 2026-02-22
|t 1
|w 2009-07-09
|y BK
|x Requisitioned by Sohana Manzoor (Faculty member of BRAC University).
|